000 00379cam a2200133ua 4500
999 _c13270
_d13270
003 OSt
008 181124b ||||| |||| 00| 0 eng d
082 _a530
_bPHI/TE
100 _aPhilip, Jacob .
_94017
245 _aText book of engineering physics /
260 _aThiruvananthapuram :
_bEducational Publications and Book Depot ,
_c2002.
300 _a567 ;
_eCD.
942 _cBK